000 00314nam a22001337a 4500
008 170731b xxu||||| |||| 00| 0 eng d
020 _a9780471164371
041 _aeng
080 _23RD
_a004
100 _a32
101 _aSHK
245 _aCOMPUTING CONCEPTS WITH C++ ESSENTIALS
_cHORSTMANN,C
942 _2udc
_cBK
999 _c22199
_d22199